00443nam a2200121Ia 45000010005000000080041000050820025000461000117000712450073001882600018002619010027002799990015003063240241024s9999 xx 000 0 und d aRD/796.07/R426c/2009 aRepública Dominicana. Secretaría de Estadp de Educación. Instituto Nacional de Educación Física, INEFI 0aConvivio Nacional de Deporte Escolar. Del 19 al 22 de noviembre 2009 bLa Vegac2009 a6/9/2013 12:27:06 p.m. c7932d7932